000 01896nam0a2200373 4500
001 RU\NLR\bibl\957735
005 20260405104114.0
010 _a5-7525-1440-1
021 _aRU
_b2006-22793
_91134
035 _a(nilc)EL/0000065198
035 _a(NLR Aleph) 000945792
090 _a248463
_c248463
100 _a20060517d2005 |||y0rusy50 ca
101 0 _arus
102 _aRU
105 _aa |||||||||
200 1 _aРегиональный пассажирский комплекс: организация и управление
_e(на примере железнодорожного транспорта)
_fВ.М. Самуйлов, С.В. Рачек, А.Б. Ефимов и др.
210 _aЕкатеринбург
_cИзд-во Уральского университета
_d2005
215 _a223 с.
_cил.
_d21
320 _aБиблиогр.: с. 217-223 (143 назв.)
606 1 _aЖелезнодорожные пассажирские перевозки
_xОрганизация
_92370994
_3RU\NLR\auth\661415219
606 1 _aЖелезнодорожные пассажирские перевозки
_xУправление
_92265306
_3RU\NLR\auth\661358016
686 _a65.9(2)372-21
_vLBC/RL
_2rubbk
686 _aУ37(2)2-814
701 1 _4070
_8rus
_7ca
_aСамуйлов
_bВ. М.
_f1946-
_gВалерий Михайлович
_3RU\NLR\auth\7739644
_922628
701 1 _4070
_8rus
_7ca
_aРачек
_bС. В.
_gСветлана Витальевна
_3RU\NLR\auth\7739645
_922629
701 1 _4070
_8rus
_7ca
_aЕфимов
_bА. Б.
_cканд. экон. наук
_gАндрей Борисович
_3RU\NLR\auth\7739646
_922630
801 0 _aRU
_bСвердловская ОУНБ
_c20060517
_grcr
801 1 _aRU
_bСвердловская ОУНБ
_c20060517
801 2 _aRU
_bNLR
_c20060607
_grcr
830 _aавт. по кн.
942 _cBOOK
980 _aNB